Understanding computers in a changing society / (Record no. 617)
| 000 -LEADER | |
|---|---|
| fixed length control field | 01406cam a22003017a 4500 |
| 001 - CONTROL NUMBER | |
| control field | 16766187 |
| 003 - CONTROL NUMBER IDENTIFIER | |
| control field | OSt |
| 005 - DATE AND TIME OF LATEST TRANSACTION | |
| control field | 20140116120833.0 |
| 008 - FIXED-LENGTH DATA ELEMENTS--GENERAL INFORMATION | |
| fixed length control field | 110506s2011 maua 000 0 eng d |
| 020 ## - INTERNATIONAL STANDARD BOOK NUMBER | |
| International Standard Book Number | 9780538451741 |
| 035 ## - SYSTEM CONTROL NUMBER | |
| System control number | (OCoLC)ocn613332778 |
| 040 ## - CATALOGING SOURCE | |
| Transcribing agency | ECC |
| Modifying agency | BTCTA |
| -- | YDXCP |
| -- | DLC |
| 042 ## - AUTHENTICATION CODE | |
| Authentication code | lccopycat |
| 050 00 - LIBRARY OF CONGRESS CALL NUMBER | |
| Classification number | QA76.5.M67 2011 |
| 100 1# - MAIN ENTRY--PERSONAL NAME | |
| Personal name | Morley, Deborah. |
| 245 10 - TITLE STATEMENT | |
| Title | Understanding computers in a changing society / |
| Statement of responsibility, etc | Deborah Morley. |
| 250 ## - EDITION STATEMENT | |
| Edition statement | 4th ed. |
| 260 ## - PUBLICATION, DISTRIBUTION, ETC. (IMPRINT) | |
| Place of publication, distribution, etc | Australia : |
| Name of publisher, distributor, etc | Course Technology Cengage Learning, |
| Date of publication, distribution, etc | 2011. |
| 300 ## - PHYSICAL DESCRIPTION | |
| Extent | 1 v. (various pagings) : |
| Other physical details | ill. (chiefly col.) |
| 500 ## - GENERAL NOTE | |
| General note | Includes index. |
| 505 0# - FORMATTED CONTENTS NOTE | |
| Formatted contents note | Introduction to the world of computers -- A closer look at hardware and software -- The internet and world wide web -- Network and internet security -- Computer security and privacy -- Intellectual property rights and ethics -- Health, access, and the environment -- Emerging technologies. |
| 520 ## - SUMMARY, ETC. | |
| Summary, etc | Presents an integrated, well-balanced look at computers and technology, including the issues and concepts surrounding our constantly changing, computer-oriented society. |
| 650 #0 - SUBJECT ADDED ENTRY--TOPICAL TERM | |
| Topical term or geographic name as entry element | Computers. |
| 650 #0 - SUBJECT ADDED ENTRY--TOPICAL TERM | |
| Topical term or geographic name as entry element | Electronic data processing. |
| 906 ## - LOCAL DATA ELEMENT F, LDF (RLIN) | |
| a | 7 |
| b | cbc |
| c | copycat |
| d | 2 |
| e | ncip |
| f | 20 |
| g | y-gencatlg |
| 942 ## - ADDED ENTRY ELEMENTS (KOHA) | |
| Source of classification or shelving scheme | |
| Koha item type | Book |
| Withdrawn status | Lost status | Source of classification or shelving scheme | Damaged status | Not for loan | Home library | Current library | Date acquired | Source of acquisition | Total Checkouts | Total Renewals | Full call number | Barcode | Date last seen | Date checked out | Copy number | Price effective from | Koha item type | Checked out |
|---|---|---|---|---|---|---|---|---|---|---|---|---|---|---|---|---|---|---|
| Riara University Library | Riara University Library | 25/10/2011 | Purchase | 4 | 1 | QA76.5.M67 2011 | 1462/11 | 04/06/2015 | 20/05/2015 | C.1 | 25/10/2011 | Book | ||||||
| Riara University Library | Riara University Library | 25/10/2011 | Purchase | 7 | 1 | QA76.5.M67 2011 | 1464/11 | 23/02/2017 | 22/02/2017 | C.2 | 25/10/2011 | Book | ||||||
| Riara University Library | Riara University Library | 25/10/2011 | Purchase | 4 | QA76.5.M67 2011 | 1463/11 | 26/09/2023 | 26/09/2023 | C.3 | 25/10/2011 | Book | 12/10/2023 | ||||||
| Riara University Library | Riara University Library | 10/09/2013 | 6 | 1 | QA76.5.M67 2013 | 4341/13 | 05/12/2016 | 01/12/2016 | C.4 | 10/09/2013 | Book | |||||||
| Riara University Library | Riara University Library | 10/09/2013 | QA76.5.M67 2013 | 4342/13 | 10/09/2013 | C.5 | 10/09/2013 | Book | ||||||||||
| Riara University Library | Riara University Library | 10/09/2013 | 4 | QA76.5.M67 2013 | 4340/13 | 18/05/2017 | 02/05/2017 | C.6 | 10/09/2013 | Book |
